Cases in Haematology / (Record no. 43831)

MARC details
001 - CONTROL NUMBER
control field 0000
003 - CONTROL NUMBER IDENTIFIER
control field 000
005 - DATE AND TIME OF LATEST TRANSACTION
control field 20251016110307.0
020 ## - INTERNATIONAL STANDARD BOOK NUMBER
International Standard Book Number 9781032817576
035 ## - SYSTEM CONTROL NUMBER
System control number 13658137
035 ## - SYSTEM CONTROL NUMBER
System control number (DNLM)101224360
035 ## - SYSTEM CONTROL NUMBER
System control number (OCoLC)56011686
040 ## - CATALOGING SOURCE
Original cataloging agency DNLM/DLC
Transcribing agency DLC
Modifying agency NLM
-- BWK
-- DLC
Description conventions rda
042 ## - AUTHENTICATION CODE
Authentication code pcc
050 10 - LIBRARY OF CONGRESS CALL NUMBER
Classification number RC 636 .N53
060 00 - NATIONAL LIBRARY OF MEDICINE CALL NUMBER
Classification number 2004 O-297
060 10 - NATIONAL LIBRARY OF MEDICINE CALL NUMBER
Classification number WH 120
Item number C337 2005
082 00 - DEWEY DECIMAL CLASSIFICATION NUMBER
Classification number 616.1/5
Edition number 22
100 ## - MAIN ENTRY--PERSONAL NAME
Personal name Niblock, Aaron
245 00 - TITLE STATEMENT
Title Cases in Haematology /
Statement of responsibility, etc Aaron Niblock
Remainder of title For the MLA AND PLAB
264 ## - PUBLICATION, DISTRIBUTION, ETC. (IMPRINT)
Place of publication, distribution, etc Boca Raton
Name of publisher, distributor, etc CRC Press
Date of publication, distribution, etc 2025
300 ## - PHYSICAL DESCRIPTION
Extent xix, 145p.:
Other physical details ill. ;
336 ## - CONTENT TYPE
Content type term text
Content type code txt
Source rdacontent
337 ## - MEDIA TYPE
Media type term unmediated
Media type code n
Source rdamedia
338 ## - CARRIER TYPE
Carrier type term volume
Carrier type code nc
Source rdacarrier
490 ## - SERIES STATEMENT
Series statement MasterPass Series
504 ## - BIBLIOGRAPHY, ETC. NOTE
Bibliography, etc Includes index.
650 #0 - SUBJECT ADDED ENTRY--TOPICAL TERM
Topical term or geographic name as entry element Blood
General subdivision Diseases
Form subdivision Case studies.
650 #0 - SUBJECT ADDED ENTRY--TOPICAL TERM
Topical term or geographic name as entry element Hematology
Form subdivision Case studies.
650 12 - SUBJECT ADDED ENTRY--TOPICAL TERM
Topical term or geographic name as entry element Hematologic Diseases.
650 22 - SUBJECT ADDED ENTRY--TOPICAL TERM
Topical term or geographic name as entry element Case Reports.
655 #7 - INDEX TERM--GENRE/FORM
Genre/form data or focus term Case studies.
Source of term lcgft
Authority record control number https://id.loc.gov/authorities/genreForms/gf2017026140
906 ## - LOCAL DATA ELEMENT F, LDF (RLIN)
a 7
b cbc
c orignew
d 1
e ecip
f 20
g y-gencatlg
942 ## - ADDED ENTRY ELEMENTS (KOHA)
Source of classification or shelving scheme Library of Congress Classification
Koha item type Books
Holdings
Withdrawn status Lost status Source of classification or shelving scheme Damaged status Not for loan Permanent Location Current Location Date acquired Total Checkouts Full call number Barcode Date last seen Price effective from Koha item type
    Library of Congress Classification     NILE UNIVERSITY OF NIGERIA - MAIN LIBRARY NILE UNIVERSITY OF NIGERIA - MAIN LIBRARY 10/16/2025   RC 636 .N53 2025 0199191 10/16/2025 10/16/2025 Books
    Library of Congress Classification     NILE UNIVERSITY OF NIGERIA - MAIN LIBRARY NILE UNIVERSITY OF NIGERIA - MAIN LIBRARY 10/16/2025   RC 636 .N53 2025 0199192 10/16/2025 10/16/2025 Books